000 00785nam a2200265 4500
001
003 DO-SdBNP
005 20220511135707.0
008 140604s2004 sp 000 0 spa d d
040 _aBPMSU
_bspa
_cBPMSU
082 _aR923
_bP967H
_222
100 _aMontero, Isaac
_d1936-2008
245 1 0 _aProtagonistas de la historia /
_cIsaac Montero ; prólogo Jesús Hermida
246 1 3 _a Abraham Lincoln
_b
260 _aBarcelona :
_bBiblioteca ABC,
_c2004
300 _av. ;
_c23 cm.
490 0 _aProtagonistas de la historia
_v 20
500 _aIncluye índice
590 _6Inventariado,2022/VM
600 1 4 _aLincoln, Abraham,
_d1809-1865
650 4 _aPersonajes
_vBiografías
700 1 _a Hermida, Jesús
_eprólogo
910 _aVMateo V
942 _2ddc
_cBK
999 _c14197
_d14197